000 00609cam a2200217 4500
001 4582483
005 20180221034608.0
008 700522s1970 ilua b 001 0 eng
010 _a 75111982
020 _a0841040141
040 _aDLC
_cDLC
_dDLC
041 _aeng
080 _a309.173 ZEI
082 0 0 _a309.173 ZEI
100 1 _a19
101 _aPOL
245 1 0 _aAmerican society, inc.;
504 _aIncludes bibliographical references.
906 _a7
_bcbc
_corignew
_du
_encip
_f19
_gy-gencatlg
942 _2ddc
_cBK
999 _c42990
_d42990